| 000 | 00776nam a22002177a 4500 | ||
|---|---|---|---|
| 003 | OSt | ||
| 005 | 20250828072913.0 | ||
| 008 | 250828b |||||||| |||| 00| 0 eng d | ||
| 020 | _a1-85604-431-9 | ||
| 040 | _cOC | ||
| 082 | _aRes. 025.00285 C678 2001 | ||
| 100 | _aCohn, J. | ||
| 245 |
_aPlanning for integrated systems and technologies : _ba how-to-do-it manual for librarians, 2nd ed. |
||
| 260 |
_aLondon : _bFacets Publishing, _cc2001 |
||
| 300 |
_axxi, 201 p. : _c23 cm. |
||
| 504 | _aIncludes index | ||
| 650 | _2Integrated library system (computer system)-- handbook, manuals, etc. | ||
| 700 | _aKelsey, Ann L. | ||
| 700 | _a Fiels, Keith Michael | ||
| 942 |
_2ddc _cBK-0 CIRC _e2nd edition _hRes. 025.00285 C678 2001 _kRes. _n0 |
||
| 999 |
_c4316 _d4316 |
||